[Event "Bayern-chI Bank Hofmann 26th"]
[Site "Tegernsee"]
[Date "2023.11.04"]
[Round "8"]
[White "Schneider, Ilja"]
[Black "Golubka, Petr"]
[Result "1/2-1/2"]
[WhiteElo "2468"]
[BlackElo "2434"]
[PlyCount "85"]
[EventDate "2023.10.28"]
[EventType "swiss"]
[EventRounds "9"]
[EventCountry "GER"]
[SourceTitle "Mega2024 Update 01"]
[Source "Chessbase"]
[SourceDate "2023.11.12"]
[SourceVersion "1"]
[SourceVersionDate "2023.11.12"]
[SourceQuality "1"]

1. e4 c5 2. Nc3 e6 3. Nf3 a6 4. g3 b5 5. Bg2 Bb7 6. d4 cxd4 7. Nxd4 Nf6 8. 0-0 b4 9. Na4 Qa5 10. c4 Bxe4 11. Bxe4 Nxe4 12. Re1 Nc5 13. Qf3 Ra7 14. Nxc5 Qxc5 15. Be3 Qc7 16. Nf5 Rb7 17. Qg4 g6 18. Qd4 Rg8 19. Nh6 Bxh6 20. Bxh6 Nc6 21. Qh4 Qa5 22. Bg5 h5 23. Rad1 Qf5 24. h3 Ne5 25. Re3 Nf3+ 26. Rxf3 Qxf3 27. Qd4 f6 28. Bxf6 g5 29. Rd3 Qf5 30. g4 hxg4 31. hxg4 Qf4 32. Qc5 Kf7 33. Qe7+ Kg6 34. Rh3 Qxg4+ 35. Kh2 Qf4+ 36. Kg1 g4 37. Rh7 Qxf6 38. Rh6+ Kxh6 39. Qxf6+ Kh7 40. Qf7+ Rg7 41. Qh5+ Kg8 42. Qe8+ Kh7 43. Qh5+ 1/2-1/2

[Event "Bayern-chI Bank Hofmann 26th"]
[Site "Tegernsee"]
[Date "2023.11.03"]
[Round "7"]
[White "Besou, Hussain"]
[Black "Schneider, Ilja"]
[Result "0-1"]
[WhiteElo "2351"]
[BlackElo "2468"]
[PlyCount "70"]
[EventDate "2023.10.28"]
[EventType "swiss"]
[EventRounds "9"]
[EventCountry "GER"]
[SourceTitle "Mega2024 Update 01"]
[Source "Chessbase"]
[SourceDate "2023.11.12"]
[SourceVersion "1"]
[SourceVersionDate "2023.11.12"]
[SourceQuality "1"]

1. d4 Nf6 2. c4 e6 3. Nc3 c5 4. d5 exd5 5. cxd5 d6 6. Nf3 g6 7. Bf4 Bg7 8. Qa4+ Bd7 9. Qb3 0-0 10. Bxd6 Ba4 11. Qxa4 Qxd6 12. Rd1 Nbd7 13. g3 Nb6 14. Qc2 Nfxd5 15. Bg2 Qc6 16. Nh4 Nb4 17. Qb3 Qe6 18. 0-0 Qxb3 19. axb3 c4 20. bxc4 Nxc4 21. Rd7 Nxb2 22. Nd5 Nxd5 23. Bxd5 Na4 24. Rxb7 Nc3 25. Bc4 a5 26. Nf3 a4 27. Nd2 a3 28. Nb3 Rac8 29. Bd3 Rb8 30. Rxb8 Rxb8 31. Na1 a2 32. Kg2 Nb1 33. Nc2 Nd2 34. Rd1 Rb1 35. Rxd2 Bc3 0-1

[Event "GER-ch Blitz"]
[Site "Viernheim"]
[Date "2023.07.15"]
[Round "25"]
[White "Schneider, Ilja"]
[Black "Frischmann, Rick"]
[Result "1/2-1/2"]
[WhiteElo "2468"]
[BlackElo "2388"]
[PlyCount "95"]
[EventDate "2023.07.15"]
[EventType "tourn (blitz)"]
[EventRounds "29"]
[EventCountry "GER"]
[SourceTitle "CBM 215 Extra"]
[Source "ChessBase"]
[SourceDate "2023.09.30"]
[SourceVersion "1"]
[SourceVersionDate "2023.09.30"]
[SourceQuality "1"]

1. e4 d5 2. exd5 Qxd5 3. Nf3 Bg4 4. Nc3 Qe6+ 5. Qe2 Qxe2+ 6. Bxe2 e6 7. h3 Bf5 8. Nh4 Bg6 9. Nxg6 hxg6 10. Bf3 c6 11. Rb1 a5 12. a3 Na6 13. d3 Nf6 14. Bd2 Nd7 15. Na4 Ne5 16. Be2 b5 17. Nc3 Rd8 18. f4 Nd7 19. Bf3 Rc8 20. 0-0 Bc5+ 21. Kh1 Nf6 22. Rbe1 0-0 23. g4 Bd4 24. Nd1 b4 25. axb4 axb4 26. c3 bxc3 27. bxc3 Bb6 28. Nb2 Nc5 29. Be3 Nd5 30. Nc4 Nxe3 31. Rxe3 Bc7 32. d4 Bxf4 33. dxc5 Bxe3 34. Nxe3 Rfd8 35. Nc4 Rd3 36. Nd6 Rb8 37. Bxc6 Rb2 38. Bg2 Rxc3 39. c6 Rcc2 40. Rg1 f5 41. gxf5 gxf5 42. Rd1 Rxg2 43. c7 Rh2+ 44. Kg1 Rbg2+ 45. Kf1 Rf2+ 46. Kg1 Rfg2+ 47. Kf1 Rf2+ 48. Kg1 1/2-1/2

[Event "GER-ch Blitz"]
[Site "Viernheim"]
[Date "2023.07.15"]
[Round "21"]
[White "Schneider, Ilja"]
[Black "Pajeken, Jakob Leon"]
[Result "1/2-1/2"]
[WhiteElo "2468"]
[BlackElo "2430"]
[PlyCount "110"]
[EventDate "2023.07.15"]
[EventType "tourn (blitz)"]
[EventRounds "29"]
[EventCountry "GER"]
[SourceTitle "CBM 215 Extra"]
[Source "ChessBase"]
[SourceDate "2023.09.30"]
[SourceVersion "1"]
[SourceVersionDate "2023.09.30"]
[SourceQuality "1"]

1. d4 d5 2. c4 dxc4 3. Nf3 Nf6 4. e3 e6 5. Bxc4 c5 6. 0-0 Nc6 7. Qe2 a6 8. dxc5 Bxc5 9. Rd1 Qc7 10. Nc3 0-0 11. b3 b5 12. Bd3 Bb7 13. Bb2 Nb4 14. Bb1 Rfd8 15. Rxd8+ Rxd8 16. a3 Nbd5 17. Nxd5 Bxd5 18. b4 Bd6 19. Qc2 Qxc2 20. Bxc2 Rc8 21. Rc1 Be4 22. Ne1 Bxc2 23. Bxf6 gxf6 24. Rxc2 Rxc2 25. Nxc2 Be5 26. Nd4 Kf8 27. Kf1 Ke7 28. Nc6+ Kd6 29. Nxe5 Kxe5 30. Ke2 f5 31. Kd3 Kd5 32. f3 Ke5 33. Kc3 Kd5 34. Kd3 Ke5 35. g3 f6 36. h3 Kd5 37. e4+ fxe4+ 38. fxe4+ Ke5 39. Ke3 h6 40. g4 f5 41. exf5 exf5 42. Kf3 Kf6 43. Kf4 fxg4 44. Kxg4 Kg6 45. Kf4 Kh5 46. Kg3 Kg5 47. Kf3 Kf5 48. Kg3 Kg5 49. Kf3 Kh4 50. Kg2 h5 51. Kh2 Kg5 52. Kg3 h4+ 53. Kf3 Kf5 54. Ke3 Ke5 55. Kf3 Kf5 1/2-1/2

[Event "BL2-Nord 2223"]
[Site "Germany"]
[Date "2023.03.18"]
[Round "9.1"]
[White "Peyrer, Konstantin"]
[Black "Schneider, Ilja"]
[Result "1/2-1/2"]
[WhiteElo "2395"]
[BlackElo "2481"]
[PlyCount "101"]
[EventDate "2022.10.22"]
[EventType "team-tourn"]
[EventRounds "10"]
[EventCountry "GER"]
[SourceTitle "EXT 2024"]
[Source "ChessBase"]
[SourceDate "2023.10.10"]
[SourceVersion "1"]
[SourceVersionDate "2023.10.10"]
[SourceQuality "1"]
[WhiteTeam "Hamburger SK II"]
[BlackTeam "Lister Turm"]
[WhiteTeamCountry "GER"]
[BlackTeamCountry "GER"]

1. c4 c6 2. d4 d5 3. Nf3 Nf6 4. e3 Bf5 5. Nc3 a6 6. Qb3 Ra7 7. a4 e6 8. a5 Nbd7 9. Nh4 Be4 10. Nxe4 Nxe4 11. Nf3 Bd6 12. Nd2 f5 13. g3 0-0 14. Bg2 Kh8 15. 0-0 Qe7 16. Nxe4 dxe4 17. f3 exf3 18. Bxf3 c5 19. Bd2 e5 20. Rae1 Qf6 21. Qa4 Qd8 22. dxe5 Bxe5 23. Qc2 Nf6 24. Re2 g6 25. Rd1 Qc7 26. Bc3 Kg7 27. Red2 Re8 28. Kg2 Raa8 29. b3 Rab8 30. Qb2 b6 31. Bc6 Bxc3 32. Qxc3 Qe5 33. Rd3 Qxc3 34. Rxc3 Re6 35. Bf3 bxa5 36. Ra1 Reb6 37. Rxa5 Rxb3 38. Rxb3 Rxb3 39. Rxc5 Rxe3 40. Rc7+ Kh6 41. Rf7 Ne4 42. Re7 a5 43. Bxe4 Rxe4 44. Rxe4 fxe4 45. c5 a4 46. c6 a3 47. c7 a2 48. c8Q a1Q 49. Qh3+ Kg7 50. Qd7+ Kg8 51. Qe8+ 1/2-1/2

[Event "EU-ch Rapid"]
[Site "Katowice"]
[Date "2022.12.18"]
[Round "9"]
[White "Molenda, Marcin"]
[Black "Schneider, Ilja"]
[Result "1-0"]
[WhiteElo "2381"]
[BlackElo "2483"]
[PlyCount "193"]
[EventDate "2022.12.17"]
[EventType "swiss (rapid)"]
[EventRounds "11"]
[EventCountry "POL"]
[SourceTitle "CBM 211 Extra"]
[Source "ChessBase"]
[SourceDate "2023.01.31"]
[SourceVersion "1"]
[SourceVersionDate "2023.01.31"]
[SourceQuality "1"]

1. e4 e5 2. Nf3 Nc6 3. d4 exd4 4. Nxd4 Bc5 5. Nb3 Bb6 6. Nc3 Nf6 7. Qe2 0-0 8. Bg5 h6 9. Bh4 d6 10. 0-0-0 Be6 11. f3 Ne5 12. g4 Re8 13. Nd4 Bc4 14. Qg2 Bxf1 15. Rhxf1 Ng6 16. Bg3 d5 17. Nf5 c6 18. h4 Ba5 19. Ne2 Ne7 20. Nd6 Rf8 21. e5 Nd7 22. f4 Bc7 23. Nxb7 Qb8 24. Nd6 Bxd6 25. exd6 Qxd6 26. f5 Ne5 27. f6 gxf6 28. Nf4 Kh8 29. Nh5 f5 30. Rde1 f4 31. Rxf4 N7g6 32. Rf6 Qb4 33. a3 Qd4 34. Bxe5 Nxe5 35. Rxh6+ Kg8 36. g5 Rfb8 37. Nf6+ Kg7 38. Rh7+ Kf8 39. Rxe5 Qxb2+ 40. Kd2 Qd4+ 41. Kc1 Qf4+ 42. Qd2 Rb1+ 43. Kxb1 Qxd2 44. Rh8+ Kg7 45. Rxa8 Qd1+ 46. Kb2 Qd4+ 47. Ka2 Qc4+ 48. Kb1 Qf1+ 49. Kb2 Qb5+ 50. Kc1 Qf1+ 51. Kd2 Qf4+ 52. Re3 Kg6 53. Rg8+ Kf5 54. Rge8 d4 55. R8e5+ Kg6 56. h5+ Kg7 57. h6+ Kg6 58. h7 dxe3+ 59. Rxe3 Qh2+ 60. Kc3 Qg1 61. Re8 Qc5+ 62. Kb2 Qd4+ 63. Ka2 Qc4+ 64. Kb1 Qf1+ 65. Kb2 Qb5+ 66. Ka1 Qf1+ 67. Ka2 Qc4+ 68. Kb2 Qd4+ 69. c3 Qb6+ 70. Kc2 Qf2+ 71. Kb3 Qb6+ 72. Kc4 Qb5+ 73. Kd4 Qb6+ 74. Ke4 Qb1+ 75. Kd4 Qb6+ 76. Kd3 Qb1+ 77. Kc4 Qb5+ 78. Kd4 Qb6+ 79. Kd3 Qb1+ 80. Ke3 Qe1+ 81. Kd4 Qh4+ 82. Re4 Qf2+ 83. Kc4 Qf1+ 84. Kc5 Qb5+ 85. Kd6 Qb8+ 86. Ke7 Kg7 87. c4 Qc7+ 88. Ke8 Qc8+ 89. Ke7 Qc7+ 90. Ke8 Qc8+ 91. Ke7 Qc7+ 92. Ke8 Qc8+ 93. Ke7 Qc7+ 94. Ke8 Kg6 95. Kf8 Qd8+ 96. Re8 Qd6+ 97. Kg8 1-0

[Event "EU-ch Blitz"]
[Site "Katowice"]
[Date "2022.12.16"]
[Round "18"]
[White "Gavrilescu, David"]
[Black "Schneider, Ilja"]
[Result "1-0"]
[WhiteElo "2522"]
[BlackElo "2483"]
[PlyCount "45"]
[EventDate "2022.12.16"]
[EventType "swiss (blitz)"]
[EventRounds "22"]
[EventCountry "POL"]
[SourceTitle "CBM 211 Extra"]
[Source "ChessBase"]
[SourceDate "2023.01.31"]
[SourceVersion "1"]
[SourceVersionDate "2023.01.31"]
[SourceQuality "1"]

1. e4 Nc6 2. Nf3 f5 3. d3 d6 4. Nc3 e5 5. exf5 Nge7 6. d4 exd4 7. Nxd4 Nxd4 8. Qxd4 Nxf5 9. Qd3 Be7 10. Nd5 0-0 11. Be2 c6 12. Nxe7+ Qxe7 13. 0-0 Be6 14. Bf4 d5 15. Rae1 Rae8 16. Be5 Nh4 17. Qd4 c5 18. Qd2 d4 19. Bg3 Nf5 20. Bb5 Rd8 21. Bc4 Rf6 22. Qg5 h6 23. Rxe6 1-0

[Event "EU-ch Blitz"]
[Site "Katowice"]
[Date "2022.12.16"]
[Round "16"]
[White "Schneider, Ilja"]
[Black "Abdrlauf, Elham"]
[Result "0-1"]
[WhiteElo "2483"]
[BlackElo "2518"]
[PlyCount "98"]
[EventDate "2022.12.16"]
[EventType "swiss (blitz)"]
[EventRounds "22"]
[EventCountry "POL"]
[SourceTitle "CBM 211 Extra"]
[Source "ChessBase"]
[SourceDate "2023.01.31"]
[SourceVersion "1"]
[SourceVersionDate "2023.01.31"]
[SourceQuality "1"]

1. e4 c6 2. Nf3 d5 3. exd5 cxd5 4. Ne5 Nf6 5. d4 g6 6. Bb5+ Nbd7 7. 0-0 Bg7 8. Re1 0-0 9. Nf3 Ne4 10. c4 Nd6 11. Bxd7 Bxd7 12. cxd5 Bg4 13. Nc3 Nf5 14. Be3 Nh4 15. Bg5 Bxf3 16. gxf3 Nf5 17. Re4 Qb6 18. Qb3 Qd6 19. Bf4 Qf6 20. Be5 Qg5+ 21. Rg4 Qh5 22. Ne4 Nxd4 23. Bxd4 Bxd4 24. Qxb7 Qe5 25. Ng3 Rab8 26. Qa6 Rxb2 27. Rf1 Qxd5 28. Kg2 Bb6 29. a4 Ra2 30. h4 Qc5 31. Ne4 Qa5 32. Qxa5 Bxa5 33. Nc5 Rc8 34. Nb7 Bb6 35. Rb4 Rcc2 36. a5 Bxf2 37. Kh3 h5 38. a6 Bb6 39. Rd1 Rxa6 40. Rd7 Ra3 41. Kg3 Bf2+ 42. Kf4 Bxh4 43. Nd8 Kg7 44. Rbb7 Rc4+ 45. Ke5 Bf6+ 46. Kd5 Rd4+ 47. Kc6 Rc3+ 48. Kb5 Rxd7 49. Rxd7 Rxf3 0-1

[Event "Bayern-chI Bank Hofmann 25th"]
[Site "Tegernsee"]
[Date "2022.11.05"]
[Round "1"]
[White "Marentini, Marcel"]
[Black "Schneider, Ilja"]
[Result "1-0"]
[WhiteElo "2100"]
[BlackElo "2481"]
[PlyCount "63"]
[EventDate "2022.11.05"]
[EventType "swiss"]
[EventRounds "9"]
[EventCountry "GER"]
[SourceTitle "CBM 211 Extra"]
[Source "ChessBase"]
[SourceDate "2023.01.31"]
[SourceVersion "1"]
[SourceVersionDate "2023.01.31"]
[SourceQuality "1"]

1. Nf3 d5 2. g3 Nd7 3. Bg2 e5 4. 0-0 Bd6 5. d3 Ngf6 6. c4 c6 7. b3 0-0 8. Ba3 Qe7 9. Bxd6 Qxd6 10. Qc2 d4 11. Nbd2 Re8 12. a3 a5 13. Qb2 Nc5 14. Qc2 Bf5 15. b4 Na6 16. c5 Qc7 17. Nc4 axb4 18. Nd6 b3 19. Nxe8 Rxe8 20. Qxb3 Nxc5 21. Qc4 Qa5 22. Qb4 Qa7 23. Nd2 Be6 24. a4 Nd5 25. Bxd5 Bxd5 26. Rfc1 Na6 27. Qd6 Qa8 28. Nc4 Re6 29. Nb6 Rxd6 30. Nxa8 c5 31. Rab1 b6 32. Rxb6 1-0